| 000 | 00649nam a2200229 4500 | ||
|---|---|---|---|
| 001 | 72652 | ||
| 003 | BD-RjUL | ||
| 005 | 20211209082307.0 | ||
| 008 | 170522s1963 enka 001 0 eng d | ||
| 035 | _a(BD-RjUL)72870 | ||
| 040 |
_aDLC _cDLC _dICU _dBD-RjUL _beng |
||
| 041 | _aeng | ||
| 082 | 0 | 0 |
_a572.4 _223 _bSTP 1963 |
| 100 | 1 |
_aStrafford, G. A. _9214897 |
|
| 245 | 1 | 0 |
_aPlant metabolism / _c G. A. Strafford |
| 250 | _a2nd. ed. | ||
| 260 |
_aLondon : _bEducational Book ltd. _c1963. |
||
| 300 |
_aviii, 156 p. : _bill. ; _c20 cm. |
||
| 504 | _aIncludes bibliographies and Indexes | ||
| 650 | 0 |
_aPlants _xMetabolism. _9214246 |
|
| 942 |
_2ddc _cBK |
||
| 999 |
_c72652 _d72652 |
||